[Event "7th Sunway Sitges 2020"]
[Site "Sitges ESP"]
[Date "2020.12.13"]
[Round "1.1"]
[White "Korobov, Anton"]
[Black "Bin-Suhayl, Ieysaa"]
[Result "1-0"]
[WhiteTitle "GM"]
[WhiteElo "2693"]
[BlackElo "2193"]
[WhiteFideId "14105730"]
[BlackFideId "429031"]
[EventDate "2020.12.13"]

1. d4 Nf6 2. Nf3 e6 3. c4 b6 4. a3 Bb7 5. Nc3 d5 6. cxd5 exd5 7. g3 Be7 8. Bg2
O-O 9. O-O Ne4 10. Bf4 Nxc3 11. bxc3 Nc6 12. Qc2 Bd6 13. Ng5 g6 14. Bc1 Be7 15.
h4 Bf6 16. e4 dxe4 17. Nxe4 Na5 18. Re1 Re8 19. Bf4 Bg7 20. h5 Qd7 21. h6 Bh8
22. Be5 Bxe4 23. Qxe4 Bxe5 24. dxe5 Rad8 25. Rad1 Qe7 26. Rxd8 Rxd8 27. Qf4 Kf8
28. e6 f6 29. g4 Kg8 30. Qb4 Re8 31. Rd1 Qxb4 32. axb4 Nc4 33. Bc6 Rc8 34. e7
Nd6 35. Rxd6 1-0

[Event "7th Sunway Sitges 2020"]
[Site "Sitges ESP"]
[Date "2020.12.13"]
[Round "1.2"]
[White "Tadevosyan, Aspet"]
[Black "Cheparinov, Ivan"]
[Result "0-1"]
[BlackTitle "GM"]
[WhiteElo "2184"]
[BlackElo "2660"]
[WhiteFideId "24526134"]
[BlackFideId "2905540"]
[EventDate "2020.12.13"]

1. d4 d5 2. c4 e6 3. Nc3 c6 4. e3 f5 5. Bd3 Bd6 6. Qc2 Nf6 7. cxd5 cxd5 8. Nb5
Bb4+ 9. Bd2 Bxd2+ 10. Qxd2 Ne4 11. Qb4 Nc6 12. Qa3 Qe7 13. Qxe7+ Kxe7 14. Nf3
Bd7 15. Nc3 Rhc8 16. Rc1 a6 17. h3 b5 18. g4 b4 19. Ne2 b3 20. axb3 Nb4 21. Ne5
Rab8 22. gxf5 exf5 23. f3 Rxc1+ 24. Nxc1 Rc8 25. Ne2 Ng5 26. Bb1 Be6 27. Kd2 Nc6
28. Nxc6+ Rxc6 29. Ng1 Bd7 30. h4 Rh6 31. f4 Ne4+ 32. Bxe4 dxe4 33. Ne2 Rb6 34.
Nc1 Kf7 35. Rg1 Rh6 36. Rh1 Rg6 37. Rh2 Be6 38. Kc3 Rg1 39. Kd2 Rf1 40. Kc2 Rf3
41. Kd2 a5 42. Re2 Rh3 43. Kc3 Rxh4 44. b4 Rh1 45. Rc2 axb4+ 46. Kxb4 h5 47. Kc5
Rd1 48. b4 h4 49. b5 h3 50. Na2 g5 51. fxg5 f4 52. b6 Bc8 53. Nc3 Rg1 54. Nxe4
Rg2 55. Nd6+ Ke6 56. Rc1 h2 57. d5+ Kd7 58. Rh1 Rc2+ 59. Nc4 Ba6 60. b7 Kc7 61.
b8=Q+ Kxb8 62. g6 Kc7 63. d6+ Kd7 64. Rxh2 Rxh2 65. Ne5+ Ke6 66. exf4 Bc8 67.
Nf3 Rc2+ 68. Kd4 Kxd6 69. Ng5 Bf5 70. g7 Rc8 71. Nf7+ Ke6 72. Nh6 Bh7 73. f5+
Kf6 0-1

[Event "7th Sunway Sitges 2020"]
[Site "Sitges ESP"]
[Date "2020.12.13"]
[Round "1.3"]
[White "Grigoryan, Karen H."]
[Black "Rodriguez Redondo, Adhara"]
[Result "1-0"]
[WhiteTitle "GM"]
[BlackTitle "WFM"]
[WhiteElo "2651"]
[BlackElo "2183"]
[WhiteFideId "13301004"]
[BlackFideId "32065698"]
[EventDate "2020.12.13"]

1. d4 d5 2. Bf4 Nf6 3. e3 e6 4. Bd3 Bd6 5. Bg3 c5 6. c3 Nc6 7. Nf3 Bxg3 8. hxg3
Qd6 9. Nbd2 e5 10. dxe5 Nxe5 11. Nxe5 Qxe5 12. Nf3 Qe7 13. b4 cxb4 14. Qa4+ Bd7
15. Qxb4 Qxb4 16. cxb4 Rc8 17. Nd4 O-O 18. f3 Rfe8 19. Kd2 h6 20. g4 Kf8 21. a4
Rc7 22. a5 a6 23. Rhb1 Rec8 24. Rb2 Ne8 25. Nb3 Nd6 26. Nc5 Bb5 27. Rb3 Nc4+ 28.
Bxc4 dxc4 29. Rb2 Ke7 30. Kc3 Rb8 31. Rd2 b6 32. axb6 Rxb6 33. e4 Rbc6 34. e5 f6
35. e6 Rd6 36. Rxd6 Kxd6 37. f4 Ke7 38. f5 Rc8 39. Na4 Rc7 40. Nb6 Rc6 41. Nd5+
Ke8 42. Rd1 Rc8 43. Rd4 Rd8 44. Ne3 Rxd4 45. Kxd4 Ke7 46. Kc5 Be8 47. Nxc4 Bb5
48. Ne3 Be8 49. Nd5+ Kd8 50. Kd6 1-0

[Event "7th Sunway Sitges 2020"]
[Site "Sitges ESP"]
[Date "2020.12.13"]
[Round "1.4"]
[White "Martin Barcelo, Carles"]
[Black "Lagarde, Maxime"]
[Result "1/2-1/2"]
[BlackTitle "GM"]
[WhiteElo "2179"]
[BlackElo "2651"]
[WhiteFideId "24561444"]
[BlackFideId "662399"]
[EventDate "2020.12.13"]

1. e4 c5 2. Nf3 Nf6 3. e5 Nd5 4. Nc3 Nxc3 5. dxc3 Nc6 6. Bd3 Qc7 7. Qe2 e6 8.
Bf4 h6 9. h4 a6 10. O-O b5 11. c4 b4 12. Bg3 Bb7 13. Be4 Ne7 14. Nd2 Bxe4 15.
Nxe4 Nf5 16. Rfd1 Be7 17. h5 Nxg3 18. Nxg3 O-O 19. Rd3 d6 20. Rad1 Rad8 21. exd6
Bxd6 22. Ne4 Bh2+ 23. Kh1 Rxd3 24. Rxd3 Be5 25. b3 Bd4 26. Nd2 Qf4 27. Nf3 Bc3
28. g3 Qg4 29. Ng1 Qg5 30. Kg2 a5 31. Nh3 Qe7 32. Qe4 Bd4 33. Nf4 Qg5 34. Ne2 e5
35. Nxd4 exd4 36. Rf3 Qxh5 37. Qf5 Qg6 38. Qxc5 Qxc2 39. Qxd4 Qxa2 40. Qa7 a4
41. Qxa4 Qxa4 42. bxa4 Ra8 43. c5 Rxa4 44. c6 Ra6 45. Rb3 Rxc6 46. Rxb4 Kh7 47.
Rf4 Rc7 48. Kf3 g5 49. Rf6 Kg7 50. Ra6 h5 51. Rb6 f6 52. Rb8 Kg6 53. Rb6 Rc5 54.
Rb8 Kf5 55. Rb4 Ke5 56. Re4+ Kf5 57. Rb4 Rc3+ 58. Kg2 Rd3 59. Ra4 Rd8 60. Kf3
Rh8 61. Ra5+ Kg6 62. Ra4 h4 63. gxh4 gxh4 64. Kg4 h3 65. Ra1 h2 66. Rh1 Rh5 67.
Kg3 Kf5 68. Rxh2 Rxh2 69. Kxh2 Ke4 70. Kg3 f5 71. f4 Ke3 72. Kg2 Kxf4 73. Kf2
Ke4 74. Ke2 f4 75. Kf2 f3 76. Kf1 1/2-1/2

[Event "7th Sunway Sitges 2020"]
[Site "Sitges ESP"]
[Date "2020.12.13"]
[Round "1.5"]
[White "Moussard, Jules"]
[Black "Odnorozhenko, Evgenyi"]
[Result "1-0"]
[WhiteTitle "GM"]
[BlackTitle "IM"]
[WhiteElo "2626"]
[BlackElo "2170"]
[WhiteFideId "642908"]
[BlackFideId "14116588"]
[EventDate "2020.12.13"]

1. e4 e5 2. Nf3 Nc6 3. Bb5 a6 4. Ba4 d6 5. c3 Bd7 6. O-O Nge7 7. d4 Ng6 8. Be3
Be7 9. Nbd2 O-O 10. Re1 h6 11. Nf1 Nh4 12. Nxh4 Bxh4 13. Qh5 Re8 14. Bb3 Rf8 15.
Rad1 Bf6 16. dxe5 dxe5 17. Rd3 Qc8 18. h3 Be6 19. Bxh6 Bxb3 20. axb3 Qe6 21. Rg3
a5 22. Ne3 Ne7 23. Nd5 Ng6 24. Nxc7 Qc6 25. Nxa8 gxh6 26. Rxg6+ fxg6 27. Qxg6+
Bg7 28. Qxc6 bxc6 29. Nb6 Rb8 30. Nc4 1-0

[Event "7th Sunway Sitges 2020"]
[Site "Sitges ESP"]
[Date "2020.12.13"]
[Round "1.6"]
[White "Eizaguerri Floris, Maria"]
[Black "Santos Latasa, Jaime"]
[Result "0-1"]
[WhiteTitle "WFM"]
[BlackTitle "GM"]
[WhiteElo "2167"]
[BlackElo "2588"]
[WhiteFideId "32065752"]
[BlackFideId "2293307"]
[EventDate "2020.12.13"]

1. e4 c5 2. Nf3 Nc6 3. d4 cxd4 4. Nxd4 Nf6 5. Nc3 d6 6. Bg5 e6 7. Qd2 a6 8.
O-O-O Bd7 9. f4 Be7 10. Bxf6 Bxf6 11. Nf3 Be7 12. Kb1 b5 13. e5 d5 14. f5 Qc7
15. Qe3 O-O-O 16. fxe6 Bxe6 17. Ne2 d4 18. Nfxd4 Qxe5 19. Qxe5 Nxe5 20. Nc3 Bd7
21. Be2 Rhe8 22. a4 Ng4 23. Rdf1 Ne3 24. Rxf7 Bf6 25. Nb3 Re5 26. Bf3 bxa4 27.
Nc1 Nc4 28. Rd1 Be6 29. Ra7 Rxd1 30. Bxd1 Re1 31. N1e2 Ne3 32. Kc1 Nxd1 33. Kd2
Nxc3 34. Kxe1 Nxe2 35. Rxa6 Bd7 36. b3 Bb5 37. Rb6 a3 38. Rxb5 a2 0-1

[Event "7th Sunway Sitges 2020"]
[Site "Sitges ESP"]
[Date "2020.12.13"]
[Round "1.7"]
[White "Santos Ruiz, Miguel"]
[Black "Aguado Doncel, Pablo Luis"]
[Result "1-0"]
[WhiteTitle "GM"]
[WhiteElo "2581"]
[BlackElo "2158"]
[WhiteFideId "22291482"]
[BlackFideId "24538256"]
[EventDate "2020.12.13"]

1. d4 d5 2. c4 e6 3. Nc3 Nf6 4. cxd5 exd5 5. Bg5 c6 6. e3 Bd6 7. Bd3 O-O 8. Nf3
Be6 9. Ne5 Nbd7 10. f4 Nb6 11. O-O c5 12. Qe1 h6 13. Qh4 Bxe5 14. dxe5 hxg5 15.
fxg5 Ne4 16. Bxe4 dxe4 17. Nxe4 Qd3 18. Rae1 Nd7 19. g6 fxg6 20. Ng5 Rxf1+ 21.
Rxf1 Qxe3+ 22. Kh1 Nf8 23. Rxf8+ Kxf8 24. Nxe6+ Kg8 25. h3 Re8 26. Ng5 Qxe5 27.
Qc4+ 1-0

[Event "7th Sunway Sitges 2020"]
[Site "Sitges ESP"]
[Date "2020.12.13"]
[Round "1.8"]
[White "Mitran, Anthony Cristian"]
[Black "Dragnev, Valentin"]
[Result "1/2-1/2"]
[BlackTitle "GM"]
[WhiteElo "2157"]
[BlackElo "2564"]
[WhiteFideId "240052"]
[BlackFideId "1634852"]
[EventDate "2020.12.13"]

1. d4 Nf6 2. Bf4 d5 3. e3 e6 4. Nf3 Bd6 5. Bg3 O-O 6. Bd3 c5 7. c3 Qc7 8. Nbd2
Nbd7 9. O-O Bxg3 10. hxg3 e5 11. e4 dxe4 12. Nxe4 Nxe4 13. Bxe4 Nf6 14. Qc2 exd4
15. cxd4 Qa5 16. dxc5 Nxe4 17. Qxe4 Qxc5 18. Rac1 Qb5 19. b3 Bf5 20. Qf4 Bg6 21.
Ne5 Rac8 22. Nxg6 hxg6 23. Rxc8 Rxc8 24. Rc1 Re8 25. Qg4 Qe5 26. Rc8 b5 27. Qd7
Rxc8 28. Qxc8+ Kh7 29. Qh3+ Kg8 30. Qc8+ Kh7 31. Qh3+ 1/2-1/2

[Event "7th Sunway Sitges 2020"]
[Site "Sitges ESP"]
[Date "2020.12.13"]
[Round "1.9"]
[White "Cornette, Matthieu"]
[Black "Hapala, Elisabeth"]
[Result "1-0"]
[WhiteTitle "GM"]
[BlackTitle "WFM"]
[WhiteElo "2558"]
[BlackElo "2154"]
[WhiteFideId "620084"]
[BlackFideId "1622080"]
[EventDate "2020.12.13"]

1. e4 c5 2. Nf3 e6 3. d4 cxd4 4. Nxd4 a6 5. c4 Nf6 6. Nc3 Qc7 7. Be2 Bb4 8. O-O
O-O 9. Qd3 d6 10. Bd2 Nbd7 11. Nb3 b6 12. a3 Bxc3 13. Bxc3 Bb7 14. f3 Ne5 15.
Qd4 Rac8 16. Rac1 Rfd8 17. Qe3 Ned7 18. Nd4 Qb8 19. Rfd1 Ne5 20. Be1 Nc6 21. Bh4
Qc7 22. b4 Nxd4 23. Qxd4 e5 24. Qe3 a5 25. Bxf6 gxf6 26. f4 axb4 27. axb4 Ra8
28. Bg4 Bc8 29. Bh5 Ra4 30. fxe5 dxe5 31. Rxd8+ Qxd8 32. Rd1 Qc7 33. Qh6 Qe7 34.
Bxf7+ Kh8 35. Bg6 1-0

[Event "7th Sunway Sitges 2020"]
[Site "Sitges ESP"]
[Date "2020.12.13"]
[Round "1.10"]
[White "Le Pen, Steven"]
[Black "Maze, Sebastien"]
[Result "0-1"]
[BlackTitle "GM"]
[WhiteElo "2141"]
[BlackElo "2557"]
[WhiteFideId "612197"]
[BlackFideId "613762"]
[EventDate "2020.12.13"]

1. e4 c6 2. d4 d5 3. e5 Bf5 4. h4 h5 5. Bd3 Bxd3 6. Qxd3 Qa5+ 7. Nd2 e6 8. Nf3
Nh6 9. O-O Nf5 10. c4 Qa6 11. b3 Be7 12. g3 Nd7 13. Bb2 O-O 14. Rfd1 Rfd8 15.
Nf1 dxc4 16. Qxc4 Qxc4 17. bxc4 Nb6 18. Rac1 c5 19. Ne3 Nxd4 20. Nxd4 cxd4 21.
Bxd4 Na4 22. c5 Rdc8 23. Nc4 Bxc5 24. Nd6 Bxd6 25. exd6 Rxc1 26. Rxc1 Rd8 27.
Rc4 b5 28. Rc6 Rd7 29. Ra6 Nb6 30. Bxb6 Rxd6 31. Rxa7 Rxb6 32. Kg2 b4 33. Kf3 g6
34. Ke3 Kg7 35. Kd4 Rb5 36. Ke3 Kf6 37. Kf3 Rb6 38. Ke3 e5 39. Kf3 Ke6 40. Ke3
f6 41. Ra5 Kf5 42. f3 Rc6 43. Rb5 Rc3+ 44. Kf2 Rc2+ 45. Kf1 Rb2 46. Kg1 g5 47.
hxg5 fxg5 48. Rb8 h4 0-1

[Event "7th Sunway Sitges 2020"]
[Site "Sitges ESP"]
[Date "2020.12.13"]
[Round "1.11"]
[White "Plat, Vojtech"]
[Black "Papadiamandis, Elliot"]
[Result "1-0"]
[WhiteTitle "GM"]
[BlackTitle "CM"]
[WhiteElo "2552"]
[BlackElo "2134"]
[WhiteFideId "325740"]
[BlackFideId "36074160"]
[EventDate "2020.12.13"]

1. d4 Nf6 2. c4 g6 3. g3 Bg7 4. Bg2 d5 5. cxd5 Nxd5 6. e4 Nb6 7. Ne2 O-O 8. O-O
Bg4 9. f3 Bc8 10. Nbc3 a5 11. Bf4 c6 12. Rc1 N8d7 13. e5 Nb8 14. Ne4 Na6 15. Qd2
Nb4 16. a3 N4d5 17. Bh6 f6 18. Bxg7 Kxg7 19. f4 Bf5 20. Nc5 Qc8 21. Rfe1 Rf7 22.
Nc3 Nc7 23. Qf2 Rb8 24. d5 cxd5 25. Nb3 Nca8 26. Nxd5 Qd8 27. Nxb6 Qxb6 28. Qxb6
Nxb6 29. e6 Rff8 30. Rc7 Rfe8 31. Nxa5 Na8 32. Rxb7 Rxb7 33. Nxb7 Nc7 34. Nc5
Rd8 35. b4 Rd2 36. Bc6 h5 37. b5 Rb2 38. a4 h4 39. Bf3 hxg3 40. hxg3 Rc2 41. Nb3
Rc4 42. b6 Na6 43. a5 Rb4 44. Re3 Bc2 45. Bd5 f5 46. Rc3 Bd1 47. b7 Nb8 48. Rc8
Bxb3 49. Bxb3 Rxb7 50. Bc4 Rb4 51. Kf2 Kf6 52. Ke3 g5 53. Kd3 gxf4 54. gxf4 Rb7
55. Kd4 Rb4 56. Kc5 Rb7 57. a6 Nxa6+ 58. Bxa6 Rb2 59. Rf8+ Kg6 60. Bd3 Rf2 61.
Bxf5+ Kh6 62. Be4 1-0

[Event "7th Sunway Sitges 2020"]
[Site "Sitges ESP"]
[Date "2020.12.13"]
[Round "1.12"]
[White "Roque, Gaetan"]
[Black "Fier, Alexandr"]
[Result "0-1"]
[BlackTitle "GM"]
[WhiteElo "2132"]
[BlackElo "2549"]
[WhiteFideId "20666934"]
[BlackFideId "2107139"]
[EventDate "2020.12.13"]

1. d4 Nf6 2. c4 c5 3. d5 e6 4. Nc3 exd5 5. cxd5 d6 6. Nf3 g6 7. h3 Bg7 8. Bf4
O-O 9. e3 Na6 10. Be2 Nc7 11. O-O Re8 12. Qb3 Ne4 13. a4 b6 14. Rfd1 Bf5 15. Nd2
g5 16. Bh2 Nxc3 17. bxc3 Qf6 18. Rac1 Rad8 19. Bf3 Qg6 20. Bg4 Bd3 21. c4 Na6
22. Bh5 Qxh5 23. Qxd3 Nb4 24. Qf5 Na2 25. g4 Qxh3 26. Ra1 Nc3 27. Re1 h5 28. Ra3
Qxg4+ 29. Qxg4 hxg4 30. e4 Bd4 31. Kf1 f5 32. a5 f4 33. f3 gxf3 34. Nxf3 Nxe4
35. Rxe4 Rxe4 36. Nxg5 Re3 37. Ra2 f3 38. Ne6 Rd3 0-1

[Event "7th Sunway Sitges 2020"]
[Site "Sitges ESP"]
[Date "2020.12.13"]
[Round "1.13"]
[White "Nevednichy, Vladislav"]
[Black "Villar Reymundo, Juan Antonio"]
[Result "1-0"]
[WhiteTitle "GM"]
[WhiteElo "2546"]
[BlackElo "2129"]
[WhiteFideId "1205730"]
[BlackFideId "3802744"]
[EventDate "2020.12.13"]

1. e4 c5 2. Nf3 Nc6 3. Bb5 g6 4. Bxc6 dxc6 5. d3 Bg7 6. O-O Qc7 7. h3 e5 8. a4
a5 9. Be3 b6 10. Na3 Ne7 11. Nc4 Be6 12. Nfd2 Rd8 13. f4 f6 14. fxe5 fxe5 15.
Qe1 Nc8 16. Qh4 Nd6 17. Nxd6+ Qxd6 18. Rf2 h6 19. Raf1 Rd7 20. b3 Rf7 21. Qg3 g5
22. Rxf7 Bxf7 23. h4 Rg8 24. hxg5 Bf6 25. Qf2 1-0

[Event "7th Sunway Sitges 2020"]
[Site "Sitges ESP"]
[Date "2020.12.13"]
[Round "1.14"]
[White "Ruperez, Miguel"]
[Black "Krysa, Leandro"]
[Result "0-1"]
[BlackTitle "GM"]
[WhiteElo "2124"]
[BlackElo "2544"]
[WhiteFideId "115177"]
[BlackFideId "116807"]
[EventDate "2020.12.13"]

1. d4 d5 2. c4 e6 3. Nc3 c6 4. e3 Nf6 5. Nf3 a6 6. b3 Bb4 7. Bd2 b6 8. Bd3 Bb7
9. O-O dxc4 10. bxc4 c5 11. Nb1 Nc6 12. Bxb4 Nxb4 13. Be2 O-O 14. Nbd2 Qc7 15.
a3 Nc6 16. dxc5 bxc5 17. Rb1 Rab8 18. Qc2 h6 19. Rb2 Ba8 20. Rfb1 Rfd8 21. Rxb8
Nxb8 22. Qb2 Nbd7 23. Nf1 Qa5 24. Ne5 Be4 25. Nxd7 Rxd7 26. Rc1 Rb7 27. Qc3 Qxc3
28. Rxc3 Rb2 29. Bd3 Kf8 30. f3 Bxd3 31. Rxd3 Ke7 32. e4 Nd7 33. Ne3 Ne5 34. Rc3
g5 35. Kf1 a5 36. Nd1 Rd2 37. Nf2 a4 38. g3 Rd4 39. Ke2 Rxc4 40. Nd1 Kd6 41.
Rxc4 Nxc4 42. Nc3 Nxa3 43. Nxa4 Kc6 44. Nc3 c4 45. Ke3 Kc5 46. Na2 e5 47. f4
gxf4+ 48. gxf4 Nc2+ 49. Kd2 Nb4 50. Nc1 exf4 51. Ke2 c3 52. Kf3 Kc4 53. Ke2 c2 0-1

[Event "7th Sunway Sitges 2020"]
[Site "Sitges ESP"]
[Date "2020.12.13"]
[Round "1.15"]
[White "Lopez Martinez, Josep Manuel"]
[Black "Pozanco Romasanta, Marc"]
[Result "1-0"]
[WhiteTitle "GM"]
[WhiteElo "2542"]
[BlackElo "2116"]
[WhiteFideId "2212943"]
[BlackFideId "2255138"]
[EventDate "2020.12.13"]

1. d4 Nf6 2. Nf3 e6 3. c4 c5 4. d5 exd5 5. cxd5 d6 6. e4 a6 7. Bd3 b5 8. O-O Be7
9. a4 c4 10. Bc2 b4 11. Qd4 a5 12. Nbd2 Ng4 13. Nxc4 Nd7 14. Qxg7 Rf8 15. Qxg4
Ne5 16. Nfxe5 Bxg4 17. Nxg4 1-0

[Event "7th Sunway Sitges 2020"]
[Site "Sitges ESP"]
[Date "2020.12.13"]
[Round "1.16"]
[White "Altisen Palmada, Roberto"]
[Black "Mendonca, Leon Luke"]
[Result "0-1"]
[BlackTitle "IM"]
[WhiteElo "2102"]
[BlackElo "2530"]
[WhiteFideId "2208652"]
[BlackFideId "35028561"]
[EventDate "2020.12.13"]

1. e4 c5 2. Nf3 d6 3. d4 cxd4 4. Nxd4 Nf6 5. Nc3 a6 6. Bc4 e6 7. Bb3 b5 8. f3
Nbd7 9. Be3 Nc5 10. O-O Bb7 11. Qe1 Be7 12. Qg3 O-O 13. Rad1 Nfd7 14. Kh1 Rc8
15. Bf4 b4 16. Na4 Nxa4 17. Bxa4 Nc5 18. Bb3 g6 19. Ne2 a5 20. Bxd6 Bxd6 21.
Rxd6 Qc7 22. c3 Ba6 23. Bd1 bxc3 24. bxc3 Rb8 25. Rd2 Qxg3 26. hxg3 Rfd8 27. Rd4
e5 28. Rd5 Rxd5 29. exd5 Rb2 30. Re1 Nd3 31. Rf1 Rd2 32. d6 Kf8 33. d7 Ke7 34.
Ba4 Rxe2 35. f4 e4 36. f5 Re1 37. f6+ Kd8 38. Rg1 e3 0-1

[Event "7th Sunway Sitges 2020"]
[Site "Sitges ESP"]
[Date "2020.12.13"]
[Round "1.18"]
[White "Silva, Pedro Gil Ferreira Da"]
[Black "Checa, Nicolas"]
[Result "0-1"]
[BlackTitle "GM"]
[WhiteElo "2100"]
[BlackElo "2527"]
[WhiteFideId "1946102"]
[BlackFideId "2069342"]
[EventDate "2020.12.13"]

1. e4 e6 2. d4 d5 3. Bd3 dxe4 4. Bxe4 Nf6 5. Bf3 c5 6. Ne2 Nc6 7. Be3 cxd4 8.
Nxd4 Ne5 9. Nc3 a6 10. Qe2 Nxf3+ 11. Qxf3 e5 12. Nb3 Bb4 13. O-O Bxc3 14. bxc3
O-O 15. Rad1 Qc7 16. Bg5 e4 17. Qg3 Qxg3 18. hxg3 Be6 19. Rfe1 Nd5 20. c4 Nb4
21. Rxe4 Rfc8 22. Bd2 Nxc2 23. Rc1 Bf5 24. Rf4 Bg6 25. c5 Rc7 26. Rc4 Na3 27.
Ra4 Nc2 28. Rc4 Na3 29. Ra4 Nb5 30. Nd4 Rd7 31. Be3 Nxd4 32. Rxd4 Rxd4 33. Bxd4
Be4 34. Be5 Re8 35. Bd6 Bc6 36. Rc2 Re1+ 37. Kh2 f6 38. g4 Kf7 39. Kg3 Ra1 40.
Rd2 Bb5 41. Rb2 Ke6 42. Kf4 Rc1 43. Rd2 Rc4+ 44. Kg3 Ra4 45. f3 f5 46. gxf5+
Kxf5 47. Rb2 g5 48. Rd2 Bc6 49. Re2 h5 50. Kf2 Ra3 51. Kg3 g4 52. Rf2 gxf3 53.
gxf3 Ra4 54. Be7 Bd5 55. a3 Bc6 56. Ra2 Rf4 57. Rf2 Rc4 58. Rh2 Kg6 59. Rh3 Ra4
60. Bd6 Rxa3 61. Kf4 a5 62. Rg3+ Kf6 63. Be5+ Ke6 64. Bd6 b5 65. Kg5 Rxf3 66.
Rxf3 Bxf3 0-1

[Event "7th Sunway Sitges 2020"]
[Site "Sitges ESP"]
[Date "2020.12.13"]
[Round "1.19"]
[White "Bellahcene, Bilel"]
[Black "Llopis de Aysa, Manuel"]
[Result "1-0"]
[WhiteTitle "GM"]
[BlackTitle "CM"]
[WhiteElo "2510"]
[BlackElo "2093"]
[WhiteFideId "696358"]
[BlackFideId "2203162"]
[EventDate "2020.12.13"]

1. e4 d6 2. d4 Nf6 3. Nc3 e5 4. Nf3 Nbd7 5. Bc4 Be7 6. O-O O-O 7. a4 c6 8. Re1
a5 9. h3 exd4 10. Nxd4 Nc5 11. Ba2 Re8 12. Qf3 Bf8 13. Bg5 Ne6 14. Nxe6 Bxe6 15.
e5 dxe5 16. Ne4 Be7 17. Bxe6 fxe6 18. Rad1 Nd5 19. Bxe7 Qxe7 20. Qg3 Rf8 21.
Qxe5 Rf5 22. Qd6 Qf7 23. Qg3 Qc7 24. Qxc7 Nxc7 25. Rd7 Rf7 26. Red1 Nd5 27. Rxf7
Kxf7 28. c4 Nb6 29. b3 Ke7 30. Nc5 Rb8 31. f4 h5 32. Kf2 g6 33. Re1 Kd6 34. Re5
Nd7 35. Nxd7 Kxd7 36. Rxa5 Rf8 37. Ke3 Kd6 38. Rg5 Rf6 39. b4 b6 40. a5 bxa5 41.
Rxa5 Rf8 42. Ra6 Kc7 43. Ra7+ Kd6 44. Ke4 1-0

[Event "7th Sunway Sitges 2020"]
[Site "Sitges ESP"]
[Date "2020.12.13"]
[Round "1.20"]
[White "Boixader Arbo, Xavier"]
[Black "Flom, Gabriel"]
[Result "0-1"]
[BlackTitle "GM"]
[WhiteElo "2091"]
[BlackElo "2499"]
[WhiteFideId "32067305"]
[BlackFideId "621650"]
[EventDate "2020.12.13"]

1. e4 g6 2. d4 Bg7 3. Be3 c6 4. Nc3 d6 5. Qd2 Nf6 6. h3 b5 7. Bd3 e5 8. dxe5
dxe5 9. Nf3 Nbd7 10. O-O O-O 11. a4 b4 12. Ne2 a5 13. c3 Qe7 14. cxb4 axb4 15.
Qc2 c5 16. Nd2 Bb7 17. Nc4 Rac8 18. a5 Qe6 19. Rfd1 Rfd8 20. Kh1 Nb8 21. Ng3 h5
22. Bg5 Rd4 23. Kg1 Bf8 24. b3 Be7 25. Be3 Rxd3 26. Qxd3 h4 27. Nf1 Bxe4 28. Qe2
Nd5 29. Rdc1 Nc3 30. Qb2 Nc6 31. Nb6 Rd8 32. Rxc3 bxc3 33. Qxc3 Nd4 34. Bxd4
exd4 35. Qc4 Qf5 36. Rd1 Qg5 37. g4 hxg3 38. Nxg3 Bd6 39. Qe2 Re8 40. Qg4 Qxg4
41. hxg4 Bf3 42. Ra1 d3 43. Nf1 Kg7 44. Nd2 Bxg4 45. a6 Bf4 46. f3 Bxd2 47. fxg4
Bc3 48. Rd1 d2 49. Rxd2 Bxd2 50. a7 Ba5 51. a8=Q Rxa8 52. Nxa8 Kf6 53. Kf2 Ke5
54. Ke3 f5 55. gxf5 gxf5 0-1

[Event "7th Sunway Sitges 2020"]
[Site "Sitges ESP"]
[Date "2020.12.13"]
[Round "1.21"]
[White "Narciso Dublan, Marc"]
[Black "Guillo Longares, Cecilia"]
[Result "1-0"]
[WhiteTitle "GM"]
[BlackTitle "WFM"]
[WhiteElo "2495"]
[BlackElo "2089"]
[WhiteFideId "2201500"]
[BlackFideId "32082681"]
[EventDate "2020.12.13"]

1. d4 Nf6 2. c4 c5 3. d5 e6 4. Nc3 exd5 5. cxd5 d6 6. e4 g6 7. Nge2 Bg7 8. Ng3
O-O 9. Be2 a6 10. a4 Nbd7 11. O-O Rb8 12. Bg5 h6 13. Be3 Ne8 14. Qd2 Kh7 15. f4
Nc7 16. e5 dxe5 17. f5 g5 18. Nce4 f6 19. d6 Ne8 20. Bc4 b6 21. Qe2 Rg8 22. Qh5
Nf8 23. Qf7 Rh8 24. Nh5 Rb7 25. Qxe8 Qxe8 26. Nexf6+ Bxf6 27. Nxf6+ Kg7 28.
Nxe8+ Kh7 29. Nf6+ Kg7 30. Nh5+ Kh7 31. Bxa6 Rb8 32. Bb5 Rb7 33. a5 bxa5 34.
Rxa5 Nd7 35. Bxd7 Bxd7 36. Rxc5 Rf8 37. Rxe5 Bb5 38. Rc1 Rff7 39. Rc7 Ba4 40.
Rxb7 Rxb7 41. Re7+ 1-0

[Event "7th Sunway Sitges 2020"]
[Site "Sitges ESP"]
[Date "2020.12.13"]
[Round "1.22"]
[White "Alcala Gonzalez, Cesar"]
[Black "Garriga Cazorla, Pere"]
[Result "0-1"]
[BlackTitle "IM"]
[WhiteElo "2088"]
[BlackElo "2487"]
[WhiteFideId "24584878"]
[BlackFideId "32011601"]
[EventDate "2020.12.13"]

1. d4 Nf6 2. c4 e6 3. Nc3 Bb4 4. g3 O-O 5. Bg2 d6 6. Nf3 Qe7 7. O-O Bxc3 8. bxc3
e5 9. c5 e4 10. cxd6 cxd6 11. Nd2 Bf5 12. Ba3 Rc8 13. c4 e3 14. Nb3 exf2+ 15.
Rxf2 Be4 16. Rxf6 gxf6 17. e3 f5 18. Bxd6 Qe6 19. Nc5 Qxd6 20. Nxe4 Qe6 21. Qh5
Nc6 22. Qg5+ Qg6 23. Qxg6+ hxg6 24. Nd6 Rc7 25. Nxb7 Re8 26. Nd6 Rxe3 27. Nb5
Rc8 28. Rd1 Nb4 29. Nd6 Rc7 30. c5 a6 31. Rb1 Nc2 32. Rb8+ Kg7 33. Kf2 Rce7 34.
d5 Re2+ 35. Kf1 Re1+ 36. Kf2 R7e2+ 37. Kf3 Nd4+ 38. Kf4 Rxg2 39. Ne8+ Kh6 0-1

[Event "7th Sunway Sitges 2020"]
[Site "Sitges ESP"]
[Date "2020.12.13"]
[Round "1.23"]
[White "Dardha, Daniel"]
[Black "Sanchez Lopez, Juan Manuel"]
[Result "1-0"]
[WhiteTitle "IM"]
[WhiteElo "2485"]
[BlackElo "2085"]
[WhiteFideId "240990"]
[BlackFideId "2227037"]
[EventDate "2020.12.13"]

1. Nf3 Nf6 2. c4 c5 3. Nc3 e6 4. g3 b6 5. Bg2 Bb7 6. O-O Be7 7. Re1 O-O 8. e4 d5
9. exd5 exd5 10. Nh4 Qd7 11. cxd5 Nxd5 12. Qf3 Bxh4 13. gxh4 Na6 14. Nxd5 Rae8
15. Rd1 Ba8 16. Qh5 f6 17. d4 g6 18. Qf3 Kg7 19. dxc5 Rd8 20. Bf4 Qf5 21. Bd6 1-0